Les films de 2025 - Statistiques

Statistiques générales
  • Ce quiz a été pris 103 fois
  • Le résultat moyen est 6 sur 16
Statistiques - réponses
Par images Réponse % Correct
Zootopie 2
100%
Avatar : de feu et de cendres
98%
F1®, le film
83%
Une bataille après l'autre
66%
Demon Slayer: Kimetsu no yaiba – La Forteresse Infinie
43%
L'Étranger
39%
Ma mère, Dieu et Sylvie Vartan
38%
Un simple accident
36%
L'Agent Secret
32%
L'Attachement
20%
Tardes de soledad
11%
Deux procureurs
10%
La Pie Voleuse
7%
Aimer perdre
6%
Bonjour la langue
1%
Sacré Cœur
1%
Aucun quiz correspondant
Distribution des résultats
% des personnes avec chaque résultat
Percentile par nombre de réponses
Votre historique - résultats
Vous n’avez pas pris ce quiz